Vietnam Journal of Science and Technology
Gespeichert in:
| Format: | Buch |
|---|---|
| Sprache: | Undetermined |
| Veröffentlicht: |
Ha Noi
Vietnam Academy of Science and Technology
2019
|
| Schlagworte: | |
| Tags: |
Tag hinzufügen
Keine Tags, Fügen Sie den ersten Tag hinzu!
|
| Thư viện lưu trữ: | Trung tâm Học liệu Trường Đại học Cần Thơ |
|---|
| LEADER | 00530nam a2200169Ia 4500 | ||
|---|---|---|---|
| 001 | CTU_234199 | ||
| 008 | 210402s9999 xx 000 0 und d | ||
| 082 | |a 600 | ||
| 082 | |b V666 | ||
| 245 | 0 | |a Vietnam Journal of Science and Technology | |
| 245 | 0 | |c Vietnam Academy of Science and Technology | |
| 260 | |a Ha Noi | ||
| 260 | |b Vietnam Academy of Science and Technology | ||
| 260 | |c 2019 | ||
| 650 | |a Science technology,Khoa học công nghệ | ||
| 904 | |i T.Trang | ||
| 980 | |a Trung tâm Học liệu Trường Đại học Cần Thơ | ||